Countries By Their Original Names - Statistics

General Stats
  • This quiz has been taken 74 times
  • The average score is 8 of 11
Answer Stats
Hint Answer % Correct
Indus India
98%
Danish Denmark
95%
República del Ecuador Ecuador
95%
okraina Ukraine
93%
urugua Uruguay
93%
Simón Bolívar, Bolivia
92%
Österreich Austria
89%
Schwyz Switzerland
85%
Monoecus Monaco
57%
avagāṇa Afghanistan
8%
mikros Federated States of Micronesia
3%
No matching quizzes found
Score Distribution
Percent of People with Each Score
Percentile by Number Answered
Your Score History
You have not taken this quiz